Introducción a la Estadística

Uloženo v:
Podrobná bibliografie
Hlavní autor: Ross, Sheldon M (Autor)
Médium: Kniha
Jazyk:španělština
Vydáno: Barcelona Reverté 2007
Vydání:1a. ed
Témata:
Tagy: Přidat tag
Žádné tagy, Buďte první, kdo vytvoří štítek k tomuto záznamu!

MARC

LEADER 00000cam a2200000 a 4500
001 UCE9607
003 CL-VaPUC
008 151029e20070000sp |||||||||||||||||spa|d
020 |a 9788429150391 
082 0 4 |a 519.2  |b ROS  |2 21 
100 0 |a Ross, Sheldon M  |e author  |9 582494 
245 1 0 |a Introducción a la Estadística 
250 |a 1a. ed 
300 |a 809 p 
942 |c BK 
945 |d 20151029 22:28:00  |a dcastane 
260 |a Barcelona  |b Reverté  |c 2007 
650 0 |a Teoría de las probabilidades   |9 263762 
650 0 |a Estimación estadística  |9 560346 
583 |a last modification  |c 20151029 22:28:00  |k Rodrigo Vera 
999 |c 361267  |d 361265 
952 |0 0  |1 0  |2 ddc  |3 erd  |4 0  |6 519_200000000000000_ROS_2007  |7 0  |8 A  |9 471682  |a BIBMAT  |b BIBMAT  |i 5246598  |l 6  |o 519.2 ROS 2007  |p 5246598  |r 2025-01-07  |s 2023-05-05  |w 2019-11-24  |y BK  |z Catalogado en:20151029  |k MAT